|
|
|
|
| LEADER |
00000cam a2200000 a 4500 |
| 005 |
20120104112535.0 |
| 008 |
110616s2011 ck b 000 0 spa |
| 020 |
|
|
|a 9789587381979
|
| 035 |
|
|
|a 6120
|
| 040 |
|
|
|a DLC
|c DLC
|d vLex
|
| 043 |
|
|
|a s-ck---
|
| 090 |
|
|
|c 2881
|d 2881
|
| 100 |
1 |
|
|a Jaramillo Jassir, Ivǹ Daniel.
|
| 245 |
1 |
0 |
|a Del derecho laboral al derecho del trabajo
|h [Recurso electrn̤ico] /
|c Ivǹ Daniel Jaramillo Jassir ; [prl̤ogo de Maurizio Marchesini].
|
| 250 |
|
|
|a 1. ed.
|
| 256 |
|
|
|a Servicio en ln̕ea
|
| 260 |
|
|
|a Bogot ̀D.C. :
|b Editorial Universidad del Rosario,
|c 2011.
|
| 300 |
|
|
|a 1 recurso electrn̤ico
|
| 490 |
0 |
|
|a Coleccin̤ Textos de jurisprudencia
|
| 504 |
|
|
|a Incluye referencias bibliogrf̀icas (p. 201-205).
|
| 506 |
1 |
|
|a Contenido solo disponible en los productos indicados
|d vLex Global
|d vLex Global (Academic Edition, excluding Law Schools)
|d vLex Global (U.S. Academic Edition, Law Schools)
|d vLex Global (U.S. Academic Edition, excluding Law Schools)
|d vLex Global (Academic Edition, Law Schools)
|
| 650 |
|
|
|a Derecho del trabajo
|
| 740 |
0 |
|
|a vLex Libros (Servicio en ln̕ea)
|
| 856 |
4 |
0 |
|u http://vlex.com/source/derecho-laboral-trabajo-6120
|z Acceso restringido
|
| 942 |
|
|
|c BOOK
|
| 999 |
0 |
|
|a Labor laws and legislation
|b Colombia
|
| 999 |
0 |
|
|a Right to labor
|b Colombia
|